Kitab Maarifatul Mazahib; Tasees-E-Aligarh (Record no. 1126)

MARC details
000 -LEADER
fixed length control field 00601nam a2200241 a 4500
020 ## - INTERNATIONAL STANDARD BOOK NUMBER
ISBN
082 00 - DEWEY DECIMAL CLASSIFICATION NUMBER
Classification number 297.8
Author Cutter ABD1
100 ## - MAIN ENTRY--AUTHOR NAME
Author name Abdul Aleem,
245 ## - TITLE STATEMENT
Title Kitab Maarifatul Mazahib; Tasees-E-Aligarh
260 ## - PUBLICATION, DISTRIBUTION, ETC. (IMPRINT)
Place of publication Aligarh
Name of publisher Muslim University
Year of publication 1960
300 ## - PHYSICAL DESCRIPTION
Number of Pages 13p
500 ## - GENERAL NOTE
General note includes index and biblioraphy
505 2# - FORMATTED CONTENTS NOTE
Formatted contents note light of islam series no.4
650 ## - SUBJECT ADDED ENTRY--TOPICAL TERM
Topical Term Islam-Sects
942 ## - ADDED ENTRY ELEMENTS (KOHA)
Koha item type Books
700 1# -
-- Abdul Aleem,
Holdings
Collection code Home library Current library Date acquired Cost, normal purchase price Full call number Accession Number Koha item type
  Henry Martyn Institute Library Henry Martyn Institute Library 07/12/2007 100.00 297.8 ABD1 03481 Books
                   Copyright © 2026 | Henry Martyn Institute | Hyderabad | TS-500052 | INDIA | Implemented by hmi.edu.in
Hit-Count:

Powered by Koha